Football Teams Yannick Carrasco Played For - Statistics

General Stats
  • This quiz has been taken 20 times
  • The average score is 3 of 5
Answer Stats
League Years Team % Correct
Spain 2015-2018 Atlético de Madrid
94%
Spain 2020-2023 Atlético de Madrid
94%
Saudi Arabia 2023- Al-Shabab FC
56%
France 2012-2015 AS Monaco
56%
China 2018-2020 Dalian Professional
33%
No matching quizzes found
Score Distribution
Percent of People with Each Score
Percentile by Number Answered
Your Score History
You have not taken this quiz